Quick Pick: AFI Villains Quiz Stats

Quiz Updated May 11, 2016

Challenge
Share
Tweet
Embed
Score 0/10 Timer 01:00
0 Plays Today
% Correct
Hannibal Lecter
93%
Hans Gruber
84.4%
Gordon Gekko
84%
Annie Wilkes
82.5%
Norman Bates
80.9%
Nurse Ratched
76.4%
Joan Crawford
75.6%
Wicked Witch of the West
74.6%
Amon Goeth
65.9%
Alex Forrest
60.9%

Today's Daily Dose

You're not logged in!

Compare scores with friends on all Sporcle quizzes.
Join for Free
OR
Log In

You Might Also Like...

Show Comments

Extras

Top Quizzes Today


Score Distribution

Your Account Isn't Verified!

In order to create a playlist on Sporcle, you need to verify the email address you used during registration. Go to your Sporcle Settings to finish the process.

Report this User

Report this user for behavior that violates our Community Guidelines.

Details: